000 00725nam a2200253Ia 4500
003 OSt
005 20220926013724.0
006 a|||||r|||| 00| 0
007 ta
008 220923b |||||||| |||| 00| 0 eng d
037 _cGeneral Book
040 _aRTL
_cRTL
_beng
041 _2eng
_aeng
082 _aX65, P0
100 _aZito Mathew D
_9318924
245 0 _aTrade IPOs online
260 _aNew York
_bJohn Wiley & Sons
_c2000
300 _axviii, 206p
_ccm.
490 _aWiley Online Trading for Living
500 _aAppendix: P 182-86; Glossary: P 195-99
700 _a Olejarczyk Matt
_9318925
942 _hX65, P0
_cGB
_2CC
999 _c626709
_d626709